banner-ar

دراسات عربية واسلامية مهداه الى اديب العربية الكبير ابى فهر محمود محمد شاكر / (Record no. 37817)

MARC details
000 -الفاتح
حقل البيانات ثابتة الطول 00672nam a2200193Ia 4500
008 - عناصر البيانات ثابتة الطول - معلومات عامة
حقل البيانات ثابتة الطول 140319s9999 xx 000 0 ara d
040 ## - مصدر الفهرسة
وكالة الفهرسة الأصلية GCL /
وكالة النسخ GCL
082 04 - رقم تصنيف ديوى العشرى
رقم التصنيف 810.9
رقم المادة ا د
100 1# - المدخل الرئيسى - إسم شخصى
الإسم الشخصى ايمن فؤاد سيد
245 10 - بيان العنوان
العنوان دراسات عربية واسلامية مهداه الى اديب العربية الكبير ابى فهر محمود محمد شاكر /
بيان المسئوليه,etc ايمن فؤاد سيد
700 1# - المدخل الاضافى - اسم شخصى
الإسم الشخصى احمد حمدى امام
700 1# - المدخل الاضافى - اسم شخصى
الإسم الشخصى الحسانى حسن عبدالله
700 1# - المدخل الاضافى - اسم شخصى
الإسم الشخصى محمود على المدنى
700 1# - المدخل الاضافى - اسم شخصى
الإسم الشخصى محمد امين الحانجى
700 1# - المدخل الاضافى - اسم شخصى
الإسم الشخصى محمود فخر
300 ## - الوصف المادى
التعداد 633 ص
490 ## - بيان السلسلة
عنوان السلسلة
Holdings
حالة التراجع حالة الفقد حالة تلف ليس للاعارة المكان المؤقت الموقع الحالى تاريخ الاكتساب اجمالي اﻻعارات رقم الطلب الباركود تاريخ اخر مشاهدة تاريخ تفعيل السعر نوع وعاء كوها
        مكتبة القاهرة الكبرى مكتبة القاهرة الكبرى 03/26/2014   810.9\ا د 92323 03/26/2014 03/26/2014 كتاب
        مكتبة القاهرة الكبرى مكتبة القاهرة الكبرى 03/26/2014   810.9\ا د 92324 03/26/2014 03/26/2014 كتاب

Powered By

EGPV